| 000 | 00418pab a2200157 454500 | ||
|---|---|---|---|
| 008 | 180718b2012 xxu||||| |||| 00| 0 eng d | ||
| 100 | _aGeetha, K.T. | ||
| 245 | _aRural - urban differentials in consumption pattern among selected households in Coimbatore city | ||
| 260 | _c2012 | ||
| 300 | _ap.33-44. | ||
| 362 | _aMar | ||
| 650 | _aConsumption | ||
| 773 | _aMan and Development | ||
| 908 | _aN | ||
| 909 | _a96523 | ||
| 999 |
_c96523 _d96523 |
||